94 - Né(es) un 4 avril - Statistiques

Statistiques générales
  • Ce quiz a été pris 8 fois
  • Le résultat moyen est 3 sur 11
Statistiques - réponses
Hint Année de naissance Réponse % Correct
Acteur français. Fait partie du trio comique "Les Inconnus". 1958 Bernard Campan
83%
Ingénieur français. Fils d'avionneur. Maire de Corbeil-Essonnes de 1995 à 2009 et sénateur de l'Essonne de 2004 à 2017. 1925 Serge Dassault
67%
Écrivaine française. A écrit "L'Amant", "Moderato cantabile", "Un barrage contre le Pacifique", "Le Ravissement de Lol V. Stein", Le Vice-Consul". 1914 Marguerite Donnadieu|Marguerite Duras
50%
Acteur américain. Connu pour "Zodiac", "Tonnerre sous les tropiques", "Sherlock Holmes", "Oppenheimer". 1965 Robert Downey Jr.
33%
Acteur américain. Incarna Norman Bates, le personnage principal du film "Psychose" d'Alfred Hitchcock. 1932 Anthony Perkins
17%
Guitariste et chanteur natif d'Irlande du Nord. Connu pour sa chanson "Parisienne Walkways". 1952 Gary Moore
17%
Poète français. Auteur des "Chants de Maldoror". 1846 Isidore Lucien Ducasse|Lautréamont
17%
Acteur français. Connu pour avoir été le doubleur de Robert de Niro à de nombreuses reprises. 1947 Jacques Frantz|Jacques André Pascal Poix
17%
Acteur français. Vu dans la "Trilogie marseillaise", "La Grande Illusion" (1937), "L'assassin habite au 21" (1942) ou encore dans "Le Corbeau" (1943). 1897 Pierre Fresnay
17%
Empereur romain de la dynastie des Sévères. Il accorda le droit de cité à tous les hommes libres de l'empire. 188 Caracalla
0%
Femme de lettres française. A écrit "Madame de...". 1902 Louise de Vilmorin
0%
Aucun quiz correspondant
Distribution des résultats
% des personnes avec chaque résultat
Percentile par nombre de réponses
Votre historique - résultats
Vous n’avez pas pris ce quiz